01726nam a2200433Ii 4500001001100000003000800011006001900019007001500038008004100053020001800094020001500112035002100127040002600148043002100174050001600195100003000211245014100241250001200382264006000394300004800454336002600502337002600528338003600554490002900590504005600619650004700675650004700722650005500769650005500824650004700879650004700926650005500973650005501028655002201083700003401105700003401139830004801173856007101221DIGPUZ0862NyNyDIGm o d cr |||||||||||120225s2007 sp ab ob 000 0 spa d z9788477338925 z8477338922 a(OCoLC)656287697 aDGITAbengepncDGITA acl-----ae-sp---14aHD775 eBook1 aMartínez Latre, Concha.10aInterés particular, bienestar público? :bgrandes patrimonios y reformas agrarias / cRicardo Robledo y Santiago López (editores). a1a. ed. 1aZaragoza :bPrensas Universitarias de Zaragoza,c 2007. a1 online resource (581 pages) :bill., maps atextbtxt2rdacontent acomputerbc2rdamedia aonline resourcebcr2rdacarrier1 aCiencias sociales ;v62. aIncludes bibliographical references (p. [535]-577). 0aLand tenurezSpainxHistoryy19th century. 0aLand tenurezSpainxHistoryy20th century. 0aLand tenurezLatin AmericaxHistoryy19th century. 0aLand tenurezLatin AmericaxHistoryy20th century. 0aLand reformzSpainxHistoryy19th century. 0aLand reformzSpainxHistoryy20th century. 0aLand reformzLatin AmericaxHistoryy19th century. 0aLand reformzLatin AmericaxHistoryy20th century. 0aElectronic books.1 aRobledo Hernández, Ricardo.1 aLópez García, Santiago M. 0aCiencias sociales (Zaragoza, Spain) ;v62.403Digitalia Hispánicauhttps://www.digitaliapublishing.com/a/2129/